2010 World Cup Groups - Statistics

General Stats
  • This quiz has been taken 21 times
  • The average score is 29 of 32
Answer Stats
Hint Answer % Correct
Group B Argentina
95%
Group D Australia
95%
Group G Brazil
95%
Group C England
95%
Group A France
95%
Group F Italy
95%
Group E Japan
95%
Group A Mexico
95%
Group E Netherlands
95%
Group G Portugal
95%
Group D Serbia
95%
Group F Slovakia
95%
Group C Slovenia
95%
Group H Spain
95%
Group H Switzerland
95%
Group H Chile
89%
Group E Denmark
89%
Group D Germany
89%
Group D Ghana
89%
Group B Nigeria
89%
Group F Paraguay
89%
Group A South Africa
89%
Group B South Korea
89%
Group C United States
89%
Group A Uruguay
89%
Group C Algeria
84%
Group E Cameroon
84%
Group H Honduras
84%
Group G North Korea
84%
Group B Greece
79%
Group F New Zealand
79%
Group G Ivory Coast
74%
No matching quizzes found
Score Distribution
Percent of People with Each Score
Percentile by Number Answered
Your Score History
You have not taken this quiz